ARRUPE JESUIT UNIVERSITY

CORONAVIRUS -STOP THE SPREAD - CLEAN,DISINFECT,COVER

Well-remembered friends : (Record no. 120468)

MARC details
000 -LEADER
fixed length control field 00993cam a2200325 a 4500
001 - CONTROL NUMBER
control field 13988657
003 - CONTROL NUMBER IDENTIFIER
control field ARRUPE
005 - DATE AND TIME OF LATEST TRANSACTION
control field 20140506112345.0
008 - FIXED-LENGTH DATA ELEMENTS--GENERAL INFORMATION
fixed length control field 040706s2004 enk 000 0 eng d
010 ## - LIBRARY OF CONGRESS CONTROL NUMBER
LC control number 2005412766
015 ## - NATIONAL BIBLIOGRAPHY NUMBER
National bibliography number GBA455057
Source bnb
016 7# - NATIONAL BIBLIOGRAPHIC AGENCY CONTROL NUMBER
Record control number 012959296
Source Uk
020 ## - INTERNATIONAL STANDARD BOOK NUMBER
International Standard Book Number 0719564875
035 ## - SYSTEM CONTROL NUMBER
System control number (OCoLC)ocm56661591
040 ## - CATALOGING SOURCE
Original cataloging agency UKM
Transcribing agency UKM
Modifying agency OUN
-- GZM
-- DLC
042 ## - AUTHENTICATION CODE
Authentication code lccopycat
043 ## - GEOGRAPHIC AREA CODE
Geographic area code e-uk---
050 00 - LIBRARY OF CONGRESS CALL NUMBER
Classification number DA566.9.A1
Item number W45 2004
082 04 - DEWEY DECIMAL CLASSIFICATION NUMBER
Classification number 808.851
Edition number 22
300 ## - PHYSICAL DESCRIPTION
Dimensions 23 cm.
100 ## - MAIN ENTRY--PERSONAL NAME
Personal name Huth, Angela
9 (RLIN) 10088
245 00 - TITLE STATEMENT
Title Well-remembered friends :
Remainder of title eulogies on celebrated lives /
Statement of responsibility, etc collected by Angela Huth.
260 ## - PUBLICATION, DISTRIBUTION, ETC. (IMPRINT)
Place of publication, distribution, etc London :
Name of publisher, distributor, etc John Murray,
Date of publication, distribution, etc 2004.
300 ## - PHYSICAL DESCRIPTION
Extent xii, 459 p. ;
650 #0 - SUBJECT ADDED ENTRY--TOPICAL TERM
Topical term or geographic name as entry element Eulogies.
9 (RLIN) 10089
651 #0 - SUBJECT ADDED ENTRY--GEOGRAPHIC NAME
Geographic name Great Britain
Form subdivision Biography.
9 (RLIN) 10090
700 1# - ADDED ENTRY--PERSONAL NAME
Personal name Huth, Angela,
Dates associated with a name 1938-
9 (RLIN) 10091
906 ## - LOCAL DATA ELEMENT F, LDF (RLIN)
a 7
b cbc
c copycat
d 2
e ncip
f 20
g y-gencatlg
942 ## - ADDED ENTRY ELEMENTS (KOHA)
Source of classification or shelving scheme Library of Congress Classification
Koha item type Monograph ( Printed materials)
Holdings
Withdrawn status Lost status Source of classification or shelving scheme Damaged status Not for loan Collection code Home library Current library Shelving location Date acquired Total Checkouts Full call number Barcode Date last seen Price effective from Koha item type
    Library of Congress Classification     Main Collection ARRUPE LIBRARY ARRUPE LIBRARY Main Collection 06/05/2014   DA566.9.A1 W45 2004 46500001552 27/10/2017 06/05/2014 Monograph ( Printed materials)

 

Arrupe Library. PO Box MP320 Mt Pleasant, Harare, Zimbabwe
263 242 745411|librarian@aju.ac.zw